LIBRARY & INFORMATION CENTRE, KCAET, TAVANUR

ONLINE PUBLIC ACCESS CATALOGUE (OPAC)

Chemical aspects of plastic recycling / (Record no. 150)

MARC details
000 -LEADER
fixed length control field 00463cam a2200181ua 4500
020 ## - INTERNATIONAL STANDARD BOOK NUMBER
ISBN 0-85404-712-3
041 ## - LANGUAGE CODE
Language code of text/sound track or separate title eng
082 ## - DEWEY DECIMAL CLASSIFICATION NUMBER
Classification number 668.4192
Item number HOY/CH
100 ## - MAIN ENTRY--AUTHOR NAME
Personal name Hoyle , W .
245 ## - TITLE STATEMENT
Title Chemical aspects of plastic recycling /
250 ## - EDITION STATEMENT
Edition statement 1 /
260 ## - PUBLICATION, DISTRIBUTION, ETC. (IMPRINT)
Place of publication Cambridge :
Name of publisher The Royal Society of Chemistry ,
Year of publication 1997.
300 ## - PHYSICAL DESCRIPTION
Number of Pages 234 ; .
700 1# - ADDED ENTRY--PERSONAL NAME
Personal name Karsa, D R .
942 ## - ADDED ENTRY ELEMENTS (KOHA)
Koha item type Books
Holdings
Withdrawn status Lost status Damaged status Home library Current library Shelving location Date acquired Full call number Accession Number Koha item type
      KAUAET KAUAET General Stacks 07/04/2012 668.4192 20182 Books
free website counter